| 000 | 01765cad a22002655a 4500 | ||
|---|---|---|---|
| 001 | L145515 | ||
| 008 | 081017s2008 xxko f 000 0 eng d | ||
| 035 | _a(Sirsi) u145515 | ||
| 041 | 0 | _aeng | |
| 050 | 0 | 4 | _a690.241 $2 18 |
| 110 | 2 |
_aEnglish Heritage _92714 |
|
| 245 | 0 | 0 |
_aConservation principles _bpolicies and guidance for the sustainable management of the historic environment _h[electronic resource] |
| 260 |
_aSwindon _bEnglish Heritage _c2008 |
||
| 505 | 2 | _aOverview -- Introduction -- Conservations principles -- Understanding heritage values -- Assessing heritage significance -- Managing change to significant places -- English heritage conservation policies and guidance -- Conclusion -- Definitions | |
| 520 | _aDevelops English Heritage's decision making approach and guidance principles on all aspects of conservation of the historic environment. Aims to help the organisation keep a consistent approach in its role of Government's statutory advisor on English historic environment. The principles set out in this publication serve as a theoretical basis for the new Heritage Protection Bill. | ||
| 590 | _aKA | ||
| 651 | 4 |
_aEngland _y886- |
|
| 690 | _aBUILT ENVIRONMENT-BUILDING MAINTENANCE AND REFURBISHMENT-BUILDING CONSERVATION | ||
| 690 | _aBUILT ENVIRONMENT-BUILDING TYPES-ANCIENT MONUMENTS AND HISTORIC BUILDINGS | ||
| 690 | _aENVIRONMENTAL AND LAND CONSULTANCY-ENVIRONMENTAL MANAGEMENT-ENVIRONMENTAL CONSERVATION | ||
| 700 | 1 | _aDrury, Paul | |
| 700 | 1 | _aMcPherson, Anna | |
| 856 | 4 | 0 |
_uhttps://www.english-heritage.org.uk/publications/conservation-principles-sustainable-management-historic-environment/conservationprinciplespoliciesguidanceapr08web.pdf _zView the item free of charge at www.english-heritage.org.uk |
| 942 | _n0 | ||
| 999 |
_c108815 _d108815 |
||